Κείμενο και εικόνα : το παιχνίδι των αποστάσεων: η εικονογράφηση των βιβλίων της Π.Σ. Δέλτα : διδακτορική διατριβή
Αποθηκεύτηκε σε:
| Κύριος συγγραφέας: | |
|---|---|
| Μορφή: | Thesis Βιβλίο |
| Γλώσσα: | Greek |
| Δημοσίευση: |
Ρόδος :
Πανεπιστήμιο Αιγαίου, Τμήμα Μεσογειακών Σπουδών,
2005
|
| Θέματα: | |
| Ετικέτες: |
Προσθήκη ετικέτας
Δεν υπάρχουν, Καταχωρήστε ετικέτα πρώτοι!
|
MARC
| LEADER | 00000cam a2200000 i 4500 | ||
|---|---|---|---|
| 001 | 1/27443 | ||
| 008 | 060403s2005 gre d | ||
| 035 | |l 10083406 | ||
| 040 | |a GR-MY-UA |b gre |e aacr | ||
| 041 | 0 | |a gre | |
| 082 | 0 | |a 375.427 |2 (22) | |
| 100 | 1 | |a Κουζέλη, Χαρούλα Π. | |
| 245 | 1 | 0 | |a Κείμενο και εικόνα : |b το παιχνίδι των αποστάσεων: η εικονογράφηση των βιβλίων της Π.Σ. Δέλτα : διδακτορική διατριβή / |c Χαρούλα Π. Κουζέλη |
| 260 | |a Ρόδος : |b Πανεπιστήμιο Αιγαίου, Τμήμα Μεσογειακών Σπουδών, |c 2005 | ||
| 300 | |a 621 σ.; |b εικ.; |c 30 εκ. | ||
| 500 | |a Εξεταστική επιτροπή: Ζερβού Αλεξάνδρα, Κανατσούλη Μένη, Αναγνωστοπούλου Διαμάντης...[κ.ά.] | ||
| 502 | # | # | |a Διατριβή (διδακτορική) – Πανεπιστήμιο Αιγαίου, Ρόδος, 2005. |
| 504 | |a Περιέχει παράρτημα και βιβλιογραφία | ||
| 600 | 1 | 0 | |a Δέλτα, Πηνελόπη Σ., |d 1874-1941. |
| 610 | 2 | 0 | |a University of the Aegean |x Dissertations. |
| 650 | 0 | 0 | |a Dissertations, Academic. |
| 650 | 0 | 0 | |a Illustrated children's books. |
| 650 | 0 | 0 | |a Illustrated children's books |x Design. |
| 852 | |a INST |b RHODES |c DIATR |e 20060403 |h 375.427 ΚΟΥ |p 005400021749 |q 005400021749 |t PHD |y 23 | ||
| 852 | |a INST |b RHODES |c DIATR |e 20060403 |h 375.427 ΚΟΥ |p 005400021750 |q 005400021750 |t PHD |y 23 | ||
| 901 | |a BIBL4-2006-1 | ||
| 909 | |a Ρ |b 122839 | ||
| 909 | |a Ρ |b 122840 | ||
| 924 | |a ΚΟΥΖΕΛΗ |b ΧΑΡΟΥΛΑ |y ΡΟΔΟΣ |z 2006-03 | ||
| 970 | |a ΣΙΔΕΡΗ |b ΝΕΚΤΑΡΙΑ |z 2006/03/30 | ||